| 000 | 00651cab a2200205 4500 | ||
|---|---|---|---|
| 001 | WB2908-24 | ||
| 008 | 090401t1993 xxu||||| |||| 00| 0 eng d | ||
| 035 | _a(Sirsi) u59198 | ||
| 041 | _aeng | ||
| 245 | _aAmended tenancy agreement forms | ||
| 260 | _c1993 | ||
| 350 | _a0 | ||
| 490 |
_aOyez Forms Information Service _v(3) February 1993, (2) |
||
| 520 | _aTenancy agreement forms which replace reference to community charge with council tax are available. | ||
| 650 | _aLANDLORD AND TENANT ACT 1987 S48 | ||
| 650 | _aLOCAL GOVERNMENT AND FINANCE ACT 1992 S1 | ||
| 690 | _aPROPERTY-LANDLORD AND TENANT | ||
| 942 | _n0 | ||
| 948 | _c04/03/1997 | ||
| 999 |
_c36286 _d36286 |
||